000
00279nam a2200121Ia 4500
008
190216s9999||||xx |||||||||||||| ||und||
100
_a
Shivakumar Goyal
245
0
_a
Hindi-Veer Shavarkar
260
_b
Praveen Prakashan
_c
2009
300
_a
191
650
_a
Hindi
942
_c
BK
999
_c
16623
_d
16623